| 000 | 00932cam a22002653a 4500 | ||
|---|---|---|---|
| 001 | 16583 | ||
| 003 | PGUSA | ||
| 005 | 20140828083344.0 | ||
| 008 | 050822s2005||||xxu|||||s|||||000 1 eng d | ||
| 040 |
_aPGUSA _beng |
||
| 042 | _adc | ||
| 050 | 4 | _aPS | |
| 100 | 1 |
_aMiller, Elizabeth, _d1878-1961 |
|
| 245 | 1 | 4 |
_aThe Yoke : _bA Romance of the Days when the Lord Redeemed the Children of Israel from the Bondage of Egypt _h[electronic resource] / _cElizabeth Miller |
| 260 |
_bProject Gutenberg, _c2005 |
||
| 506 | _aPublic domain in the USA. | ||
| 516 | _aElectronic text | ||
| 653 | _aJews -- History -- To 1200 B.C. -- Fiction | ||
| 653 | _aBible. Old Testament -- History of Biblical events -- Fiction | ||
| 653 | _aEgypt -- Civilization -- To 332 B.C. -- Fiction | ||
| 653 | _aMoses (Biblical leader) -- Fiction | ||
| 830 | 0 |
_aProject Gutenberg _v16583 |
|
| 856 | 4 | 0 | _uhttp://www.gutenberg.org/ebooks/16583 |
| 942 | _cEB | ||
| 999 |
_c245838 _d245838 |
||